<?xml version="1.0" encoding="UTF-8"?>
<record
    xmlns:xsi="http://www.w3.org/2001/XMLSchema-instance"
    xsi:schemaLocation="http://www.loc.gov/MARC21/slim http://www.loc.gov/standards/marcxml/schema/MARC21slim.xsd"
    xmlns="http://www.loc.gov/MARC21/slim">

  <leader>01586nam a22003977a 4500</leader>
  <controlfield tag="001">BRCA_9348</controlfield>
  <controlfield tag="003">FranzMayer</controlfield>
  <controlfield tag="005">20230918121502.0</controlfield>
  <controlfield tag="008">230825b        |||||||| |||| 00| 0 eng d</controlfield>
  <datafield tag="020" ind1=" " ind2=" ">
    <subfield code="a">9519663177</subfield>
  </datafield>
  <datafield tag="040" ind1=" " ind2=" ">
    <subfield code="a">MFM</subfield>
    <subfield code="b">espa&#xF1;ol</subfield>
    <subfield code="c">MFM</subfield>
  </datafield>
  <datafield tag="050" ind1=" " ind2="0">
    <subfield code="a">NK1530.F37</subfield>
    <subfield code="b">H45 1997</subfield>
  </datafield>
  <datafield tag="110" ind1="1" ind2=" ">
    <subfield code="4">Responsable</subfield>
    <subfield code="a">Heinolan Kaupunginmuseon julkaisuja </subfield>
    <subfield code="9">29256</subfield>
  </datafield>
  <datafield tag="240" ind1=" " ind2=" ">
    <subfield code="a">Kaj Franck.</subfield>
    <subfield code="h">Teema ja muunnelmia. Theme and variations</subfield>
    <subfield code="l">Fines/ingl&#xE9;s</subfield>
  </datafield>
  <datafield tag="245" ind1="0" ind2=" ">
    <subfield code="a">Kaj Franck.</subfield>
    <subfield code="b">Teema ja muunnelmia. Theme and variations</subfield>
  </datafield>
  <datafield tag="260" ind1=" " ind2=" ">
    <subfield code="a">Helsinki, Finlandia</subfield>
    <subfield code="b">Heinolan Kaupunginmuseon julkaisuja </subfield>
    <subfield code="c">1997</subfield>
  </datafield>
  <datafield tag="300" ind1=" " ind2=" ">
    <subfield code="a">173 p</subfield>
    <subfield code="b">Ilustraciones a color</subfield>
    <subfield code="c">23 cm</subfield>
  </datafield>
  <datafield tag="500" ind1=" " ind2=" ">
    <subfield code="a">Anexo 1</subfield>
  </datafield>
  <datafield tag="505" ind1=" " ind2=" ">
    <subfield code="a">Texto en: fines e ingl&#xE9;sIncluye &#xED;ndice tem&#xE1;ticoDirigido a: artistas y dise&#xF1;adores</subfield>
  </datafield>
  <datafield tag="650" ind1="1" ind2=" ">
    <subfield code="2">Artes decorativas</subfield>
    <subfield code="a">Decoraci&#xF3;n y ornamentaci&#xF3;n</subfield>
    <subfield code="v">Dise&#xF1;o</subfield>
    <subfield code="9">29257</subfield>
  </datafield>
  <datafield tag="651" ind1="2" ind2=" ">
    <subfield code="2">Dise&#xF1;o europeo</subfield>
    <subfield code="a">Dise&#xF1;o fines</subfield>
    <subfield code="v">Kaj Franck (1911-1989)</subfield>
    <subfield code="9">29258</subfield>
  </datafield>
  <datafield tag="700" ind1="1" ind2=" ">
    <subfield code="4">Escritor</subfield>
    <subfield code="a">Hortling, Airi</subfield>
    <subfield code="9">29259</subfield>
  </datafield>
  <datafield tag="700" ind1="1" ind2=" ">
    <subfield code="4">Escritor</subfield>
    <subfield code="a">Koivisto, Kaisa</subfield>
    <subfield code="9">29260</subfield>
  </datafield>
  <datafield tag="700" ind1="1" ind2=" ">
    <subfield code="4">Escritor</subfield>
    <subfield code="a">Kokki, Kari-Paavo</subfield>
    <subfield code="9">29261</subfield>
  </datafield>
  <datafield tag="700" ind1="1" ind2=" ">
    <subfield code="4">Escritor</subfield>
    <subfield code="a">Kumela, Marjut</subfield>
    <subfield code="9">29262</subfield>
  </datafield>
  <datafield tag="700" ind1="1" ind2=" ">
    <subfield code="4">Escritor</subfield>
    <subfield code="a">Imperiali, Arja Luukela</subfield>
    <subfield code="9">29263</subfield>
  </datafield>
  <datafield tag="700" ind1="1" ind2=" ">
    <subfield code="4">Escritor</subfield>
    <subfield code="a">Pauloff, Marjatta</subfield>
    <subfield code="9">29264</subfield>
  </datafield>
  <datafield tag="700" ind1="1" ind2=" ">
    <subfield code="4">Escritor</subfield>
    <subfield code="a">Peri&#xE4;nen, Tapio</subfield>
    <subfield code="9">29265</subfield>
  </datafield>
  <datafield tag="700" ind1="1" ind2=" ">
    <subfield code="4">Escritor</subfield>
    <subfield code="a">R&#xE1;s&#xE4;nen, Liisa</subfield>
    <subfield code="9">29266</subfield>
  </datafield>
  <datafield tag="700" ind1="1" ind2=" ">
    <subfield code="4">Escritor</subfield>
    <subfield code="a">Ytterborn, Stefan</subfield>
    <subfield code="9">29267</subfield>
  </datafield>
  <datafield tag="700" ind1="1" ind2=" ">
    <subfield code="4">Trad.</subfield>
    <subfield code="a">Arnold, John</subfield>
    <subfield code="9">29268</subfield>
  </datafield>
  <datafield tag="700" ind1="1" ind2=" ">
    <subfield code="4">Edit.</subfield>
    <subfield code="a">Juuti, Sirpa</subfield>
    <subfield code="9">29269</subfield>
  </datafield>
  <datafield tag="700" ind1="1" ind2=" ">
    <subfield code="4">Edit.</subfield>
    <subfield code="a">Koivisto, Kaisa</subfield>
    <subfield code="9">29260</subfield>
  </datafield>
  <datafield tag="700" ind1="1" ind2=" ">
    <subfield code="4">Edit.</subfield>
    <subfield code="a">Tarna, Tauno</subfield>
    <subfield code="9">29270</subfield>
  </datafield>
  <datafield tag="942" ind1=" " ind2=" ">
    <subfield code="2">lcc</subfield>
    <subfield code="c">B</subfield>
  </datafield>
  <datafield tag="999" ind1=" " ind2=" ">
    <subfield code="c">10970</subfield>
    <subfield code="d">10970</subfield>
  </datafield>
  <datafield tag="952" ind1=" " ind2=" ">
    <subfield code="0">0</subfield>
    <subfield code="1">0</subfield>
    <subfield code="2">lcc</subfield>
    <subfield code="4">0</subfield>
    <subfield code="7">0</subfield>
    <subfield code="8">FCON</subfield>
    <subfield code="a">BRCA</subfield>
    <subfield code="b">BRCA</subfield>
    <subfield code="d">2023-08-25</subfield>
    <subfield code="l">0</subfield>
    <subfield code="o">NK1530.F37 H45 1997</subfield>
    <subfield code="p">CONT10104</subfield>
    <subfield code="r">2023-08-25 00:00:00</subfield>
    <subfield code="w">2023-08-25</subfield>
    <subfield code="y">B</subfield>
  </datafield>
</record>
